000
00326nam a22001457a 4500
008
210521b ||||| |||| 00| 0 eng d
020
_a
9780130133038
041
_a
eng
080
_a
7
082
_a
7
100
_a
44
101
_a
ART
245
_a
Introduction to Occupation
_c
Charles H. Christiansen
942
_2
udc
_c
BK
999
_c
57608
_d
57608